[Event "Mumbai Chess Capital op"]
[Site "Mumbai"]
[Date "2019.06.29"]
[Round "2"]
[White "Saparia, Jeel Bharat"]
[Black "Bulsara, Yazaan"]
[Result "1-0"]
[WhiteElo "1423"]
[BlackElo "1146"]
[PlyCount "53"]
[EventDate "2019.06.29"]
[EventType "swiss"]
[EventRounds "7"]
[EventCountry "IND"]
[SourceTitle "CBM 191 Extra"]
[Source "ChessBase"]
[SourceDate "2019.09.30"]
[SourceVersion "1"]
[SourceVersionDate "2019.09.30"]
[SourceQuality "1"]

1. e4 e5 2. Nf3 Nc6 3. Bc4 Bc5 4. c3 Nf6 5. d3 0-0 6. Nbd2 d6 7. Bb3 Be6 8. Bc2 Re8 9. Nf1 d5 10. Qe2 dxe4 11. dxe4 a6 12. Ng3 b5 13. Bd3 Qe7 14. 0-0 Rad8 15. b3 Bg4 16. h3 Bxf3 17. Qxf3 Qe6 18. Bg5 h6 19. Bc1 b4 20. Bc4 Qc8 21. Bxh6 bxc3 22. Nh5 Bf8 23. Nxf6+ gxf6 24. Qxf6 Bxh6 25. Bxf7+ Kh7 26. Qg6+ Kh8 27. Qxh6# 1-0